|
|
|
แสดงรายละเอียดบรรณานุกรม |
|
|
Brief Record
: Get Marc (ISO 2709)
: E-mail record
: |
|
|
| LEADER 00000nam 2200000uu 4500 | |||
| 001 50040 | |||
| 003 ULIBM | |||
| 008 170525s||||||||th 000 0 tha d | |||
| 020 ^a 974-7058-19-7 | |||
| 082 0 ^a น ^b จ - ย | |||
| 100 0 ^a กริแช่ม, จอห์น | |||
| 245 00 ^a ยุติธรรมอำมหิต/^c จอห์น กริแช่ม | |||
| 250 ^a พิมพ์ครั้งที่ 1 | |||
| 260 ^a กรุงเทพฯ: ^b คริเอทิฟ พับลิชชิ่ง, ^c 2536^d | |||
| 300 ^a 709 หน้า 180 บาท | |||
| 999 ^aลภัสรดา แสงบุญเรือง | |||
| คุณยังไม่ได้ล็อกอิน คุณสามารถมีกิจกรรมร่วมกับเว็บไซต์ได้ แต่ต้องล็อกอินก่อน :: |
|
| สถานะ | |||||||||
| 1. | หนังสือ | น จ - ย c.1 Barcode: 082377 | ►นวนิยาย | On Shelf ขอยืม | |||||
| [แสดง 1/1 รายการ] | |||||||||

BibComment |
| คอมเมนท์ทรัพยากรรายการนี้ |
|
|
ห้องสมุดโรงเรียนสามัคคีวิทยาคม
159 ถ.บรรพปราการ ต.เวียง อ.เมือง จ.เชียงราย 57000
โทร. 053-711018 โทรสาร 053-713003